000 01141cab a2200217 4500
001 ##L132774
008 060308n2006 000 0 eng u
035 _a(Sirsi) u132774
041 0 _aeng
100 1 _aElliott, Tim
245 0 0 _aI pick me
260 _c2006
490 0 _aBuilding
_v271(8420) 3 March 2006, 59(1)
520 _aGives the facts of, and comments upon, "Scheldebouw BV v St James Homes (Grosvenor Dock) Ltd" ([2006] EWHC 89 TCC, unreported), where the question to be decided was whether the defendant could dismiss its construction manager midway through a project and assume the role itself. After reviewing the role of the construction manager and previous case law, the court held that whilst the defendant had the power to dismiss and replace a contract manager, it could not appoint itself to this role.
590 _aIKA140306
650 2 4 _aSCHELDEBOUW BV V ST JAMES HOMES (GROSVENOR DOCK) LTD
650 2 4 _aAMEC CIVIL ENGINEERING LTD V SOS TRANSPORT
650 2 4 _aCOSTAIN LTD AND OTHERS V BECHTEL LTD
690 _aBUILT ENVIRONMENT-CONSTRUCTION MANAGEMENT-BUILDING CONTRACT ADMINISTRATION
942 _n0
999 _c76622
_d76622